K záverom celoštátneho seminára o rozvoji brigádnej organizácie práce a odmeňovania

Bibliographic Details
Main Author: Kovťuk, Andrej (Author)
Format: Article
Language:Slovak
Subjects:

MARC

LEADER 00000nab a2200000 a 4500
001 vtls000192496
003 SK-MaSNL
005 20260303171812.0
008 150409c1984 xo 0 slo
015 |a SNBRB19rr/mm-uuuuu 
035 |a CL0202609 
040 |a SNKBUCL  |b slo  |c SNKBUCL  |e AACR2 
041 0 |a slo 
044 |a xo  |c SK 
080 |a 331.874  |2 1981 
080 |a 331.214.7  |2 1981 
080 |a 061.3  |2 1981 
100 1 |a Kovťuk, Andrej  |4 aut  |9 514011 
245 1 0 |a K záverom celoštátneho seminára o rozvoji brigádnej organizácie práce a odmeňovania  |c Andrej Kovťuk 
650 0 7 |a organizácia práce  |2 snkbucl  |9 2330 
650 0 7 |a odmeňovanie  |2 snkbucl  |9 2329 
655 7 |a články z novín a časopisov  |2 snkbucl  |9 267496 
773 0 |t Ekonomika práce  |g Č. 2 (1984), s. 75-79 
850 |a Slovenská národná knižnica v Martine  |a MTA001 
852 |a SNK  |b KIS3GCP 
958 |a RK 
992 |a RBX 
999 |c 2083442  |d 2085372